| 000 | 00642nam a2200181Ia 4500 | ||
|---|---|---|---|
| 003 | GCL | ||
| 008 | 140319s9999 xx 000 0 ara d | ||
| 040 |
_aGCL / _cGCL |
||
| 082 | 0 | 4 |
_a962.034 _bا ت |
| 100 | 1 | _aالياس الايوبى | |
| 245 | 1 | 0 |
_aتاريخ مصر فى عهد الخديوى اسماعيل باشا من سنة1863 الى سنة 1879 / _cالياس الايوبى |
| 260 |
_a[S.N] : _bدار الكتب المصرية ، _c1923 |
||
| 490 | _a | ||
| 650 | 0 | 4 | _aمصر |
| 650 | 0 | 4 | _aالتاريخ |
| 650 | 0 | 4 | _aمصر - تاريخ - العصر الحديث - عصر اسماعيل ( 1863-1879 م ) |
| 942 |
_2ddc _cBK |
||
| 999 |
_c58811 _d58811 |
||